The art of communication : (Record no. 36420)

MARC details
000 -LEADER
fixed length control field 00830nam a22002297a 4500
005 - DATE AND TIME OF LATEST TRANSACTION
control field 20100531143057.0
008 - FIXED-LENGTH DATA ELEMENTS--GENERAL INFORMATION
fixed length control field 100531t xxu||||| |||| 00| 0 eng d
010 ## - LCCN (DPL NO)
LC control number ENG-96208
020 ## - INTERNATIONAL STANDARD BOOK NUMBER
International Standard Book Number 9788128824760
Terms of availability 95.00
035 ## - SYSTEM CONTROL NUMBER
System control number EN-79741
037 ## - SOURCE OF ACQUISITION
Source of stock number/acquisition DBAD/PUB
040 ## - CATALOGING SOURCE
Original cataloging agency DPL
Language of cataloging Eng
082 ## - DEWEY DECIMAL CLASSIFICATION NUMBER
Classification number 651.7
100 ## - MAIN ENTRY--PERSONAL NAME
Personal name Rakesh
245 ## - TITLE STATEMENT
Title The art of communication :
Remainder of title a key to success /
Statement of responsibility, etc by Rakesh [and ] Pragya
260 ## - PUBLICATION, DISTRIBUTION, ETC. (IMPRINT)
Place of publication, distribution, etc New Delhi
Name of publisher, distributor, etc Diamond Pocket Books
Date of publication, distribution, etc 2010
270 ## - ADDRESS
Address X-30, Okhla Industrial Area, Phase-11
City New Delhi
Postal code 110020
300 ## - PHYSICAL DESCRIPTION
Extent 191p.:
Dimensions 22 cm. (pbk)
Other physical details ill.
700 ## - ADDED ENTRY--PERSONAL NAME
Personal name Pragya
942 ## - ADDED ENTRY ELEMENTS (KOHA)
Source of classification or shelving scheme Dewey Decimal Classification
Item type English Books
Call number suffix RAK
Classification part 651.7
Holdings
Withdrawn status Lost status Source of classification or shelving scheme Damaged status Not for loan Collection code Home library Current library Date acquired Source of acquisition Cost, normal purchase price Total Checkouts Full call number Barcode Date last seen Copy number Cost, replacement price Koha item type
    Dewey Decimal Classification   Not For Loan Non-fiction D.B.Act.Division D.B.Act.Division 03/05/2010 DBAD/PUB 95.00   651.7 RAK EN-79741 31/05/2010 1 95.00 English Books

© Delhi Public Library
Hit Counter
free hit counter